| 000 | 00505 a2200193 4500 | ||
|---|---|---|---|
| 005 | 20260128102133.0 | ||
| 008 | 260127b |||||||| |||| 00| 0 eng d | ||
| 020 |
_a9789383101313 _cRs. 1900.00 |
||
| 040 | _aMAIN | ||
| 082 |
_a573.4 _bE59H |
||
| 100 | _aEllison, Fergie | ||
| 245 | _aHandbook of bioinorganic chemistry | ||
| 260 |
_bAgrotech Press _c2025 _aJaipur |
||
| 300 | _a256 | ||
| 650 | _aNatural Sciences | ||
| 650 | _aLife Sciences | ||
| 650 | _aBioinorganic Chemistry | ||
| 942 | _cBK | ||
| 999 |
_c394539 _d394539 |
||